sanat - on/off - averagekidluke - Statistics

General Stats
  • This quiz has been taken 33 times
  • The average score is 211 of 271
Answer Stats
Hint Answer % Correct
i
100%
on
100%
a
96%
and
93%
hate
93%
love
93%
93%
ne
93%
en
89%
know
89%
me
89%
mulle
89%
rakasta
89%
tiiä
89%
tiiän
89%
vaa
89%
you
89%
aamul
85%
baby
85%
ei
85%
himaa
85%
kännis
85%
kokonaa
85%
miks
85%
my
85%
neljält
85%
off
85%
okei
85%
rehellisesti
85%
85%
to
85%
tulin
85%
vaik
85%
vaikee
85%
vastustaa
85%
vihanen
85%
ain
81%
ees
81%
get
81%
iha
81%
kenet
81%
rakastaa
81%
rich
81%
saisit
81%
sua
81%
sut
81%
tänää
81%
yeah
81%
et
78%
kertsi haluun
78%
ihan
78%
meil
78%
nyt
78%
oon
78%
riidellää
78%
that
78%
too
78%
turns
78%
but
74%
drug
74%
is
74%
ku
74%
like
74%
mitää
74%
mut
74%
sex
74%
until
74%
aina
70%
all
70%
cash
70%
diipimpää
70%
filthy
70%
huudan
70%
rakastat
70%
shit
70%
spendasin
70%
takas
70%
beats
67%
each
67%
fuckin
67%
huudat
67%
jos
67%
next
67%
other
67%
suhde
67%
voi
67%
we
67%
with
67%
avoin
63%
day
63%
ikin
63%
it's
63%
ja
63%
kaa
63%
muiden
63%
olla
63%
oppimaa
63%
tuu
63%
why
63%
cause
59%
maan
59%
relationship
59%
sanon
59%
tää
59%
vaan
59%
etten
56%
joka
56%
rapper
56%
taikka
56%
taivaan
56%
tätä
56%
that's
56%
kelpaa
52%
sulle
52%
toisen
52%
valehtelen
52%
voisit
52%
yks
52%
her
48%
jonku
48%
jostai
48%
oisin
48%
ollu
48%
päältä
48%
smoke
48%
biiffaa
41%
uutisis
26%
murder
22%
näät
22%
No matching quizzes found
Score Distribution
Percent of People with Each Score
Percentile by Number Answered
Your Score History
You have not taken this quiz